Music Quiz

Random Music or Missing Word Quiz

Song Titles 'In' Pieces Quiz Stats

 Plays Quiz Updated Dec 5, 2015

Also try: 'Of' Songs
Challenge
Share
Tweet
Embed
Score 0/24 Timer 04:00
5 Plays Today
Beginning of Title End of Title % Correct
Can't Help Falling In __________Love
95.6%
Rolling in ___________the Deep
92.5%
The Boys Are Back in __________Town
88.5%
Genie In ________A Bottle
87.8%
Back in __________Black
86.8%
Stop! In __________The Name Of Love
86.1%
Man in _________the Mirror
82.2%
Party In __________The U.S.A.
81.7%
Blowin' in __________the Wind
79.8%
Only Girl (In __________)The World
69.6%
Tears in __________Heaven
66.6%
Dancing in __________the Dark
65.5%
Beginning of Title End of Title % Correct
Brothers in __________Arms
65.2%
Back in __________the U.S.S.R.
61.8%
In __________Da Club
59%
Don't Look Back In __________Anger
53.8%
Stuck In __________The Middle With You
53.7%
Anarchy In __________The UK
52.6%
Nights In __________White Satin
49.9%
Insane in ________the Brain
48.2%
Blister In __________The Sun
40.3%
I Believe In __________A Thing Called Love
40.3%
Rockin' in __________the Free World
38.6%
Long Cool Woman in __________a Black Dress
32.4%

You're not logged in!

Compare scores with friends on all Sporcle quizzes.
Join for Free
OR
Log In

You Might Also Like...

Show Comments

Extras

Top Quizzes Today


Score Distribution

Your Account Isn't Verified!

In order to create a playlist on Sporcle, you need to verify the email address you used during registration. Go to your Sporcle Settings to finish the process.

Report this User

Report this user for behavior that violates our Community Guidelines.

Details: